000 00644cam a2200241 4500
008 090401t1987 xxu||||| |||| 00| 0 eng d
020 _a0117520055
035 _a(Sirsi) u24686
041 _aeng
050 _a333.73
110 _aRoger Tym and Partners
_92268
245 _aEvaluation of Derelict Land Grant schemes
260 _aLondon
_bHMSO
_c1987
300 _av,122p. : ill. ; 30cm.
350 _a13.5
520 _aCommissioned by the Department of the Environment .
650 _aDERELICT LAND
650 _aGRANTS
650 _aRECLAMATION
710 _aLand Use Consultants
_93228
942 _n0
948 _c04/03/1997
999 _c88593
_d88593